Find the Mystery State #5 - Statistics

General Stats
  • This quiz has been taken 289 times
  • The average score is 18 of 48
Answers on the Map
Answers color-coded by a green-red scale on the quiz's map according to % correct below.
 
Answer Stats
% Correct
Maine 3
68%
New York 2
54%
Texas 8
52%
Florida 8
51%
California 10
46%
Montana 9
43%
Ohio 4
43%
Washington 10
42%
Vermont 2
41%
Pennsylvania 3
40%
Utah 9
40%
Idaho 9
39%
Michigan 5
39%
Tennessee 6
39%
Virginia 5
39%
Delaware 4
38%
Massachusetts 1
38%
Nebraska 7
38%
Colorado 8
37%
Iowa 7
37%
New Jersey 3
37%
Alabama 7
36%
Connecticut 1
36%
Georgia 7
36%
Illinois 6
36%
Kansas 7
36%
Kentucky 5
36%
Nevada 10
36%
Maryland 4
34%
Minnesota 7
34%
New Hampshire 2
34%
North Dakota 8
34%
Oregon 10
34%
West Virginia 4
34%
Wisconsin 6
34%
Arkansas 7
33%
Louisiana 8
33%
Mississippi 7
33%
Missouri 6
33%
Wyoming 8
33%
Arizona 9
32%
Indiana 5
32%
Oklahoma 7
32%
South Carolina 7
32%
South Dakota 8
32%
New Mexico 8
31%
North Carolina 6
31%
Rhode Island #
30%
No matching quizzes found
Score Distribution
Percent of People with Each Score
Percentile by Number Answered
Your Score History
You have not taken this quiz